<?xml version="1.0" encoding="UTF-8"?><?xml-stylesheet type="text/xsl" href="static/style.xsl"?><OAI-PMH xmlns="http://www.openarchives.org/OAI/2.0/" xmlns:xsi="http://www.w3.org/2001/XMLSchema-instance" xsi:schemaLocation="http://www.openarchives.org/OAI/2.0/ http://www.openarchives.org/OAI/2.0/OAI-PMH.xsd"><responseDate>2026-04-17T03:47:57Z</responseDate><request verb="GetRecord" identifier="oai:www.recercat.cat:2099.1/7363" metadataPrefix="marc">https://recercat.cat/oai/request</request><GetRecord><record><header><identifier>oai:recercat.cat:2099.1/7363</identifier><datestamp>2025-07-22T23:20:37Z</datestamp><setSpec>com_2072_1033</setSpec><setSpec>col_2072_452951</setSpec></header><metadata><record xmlns="http://www.loc.gov/MARC21/slim" xmlns:dcterms="http://purl.org/dc/terms/" xmlns:xsi="http://www.w3.org/2001/XMLSchema-instance" xmlns:doc="http://www.lyncode.com/xoai" xsi:schemaLocation="http://www.loc.gov/MARC21/slim http://www.loc.gov/standards/marcxml/schema/MARC21slim.xsd">
   <leader>00925njm 22002777a 4500</leader>
   <datafield ind2=" " ind1=" " tag="042">
      <subfield code="a">dc</subfield>
   </datafield>
   <datafield ind2=" " ind1=" " tag="720">
      <subfield code="a">Álvarez García, Óscar</subfield>
      <subfield code="e">author</subfield>
   </datafield>
   <datafield ind2=" " ind1=" " tag="260">
      <subfield code="c">2009</subfield>
   </datafield>
   <datafield ind2=" " ind1=" " tag="520">
      <subfield code="a">El objeto del presente estudio es analizar los principales métodos de&#xd;
evaluación de riesgo de incendio existentes sobre un establecimiento industrial&#xd;
singular; un taller de reparación de material ferroviario propiedad de Ferrocarril&#xd;
Metropolità de Barcelona, y elegir el más idóneo para el establecimiento.&#xd;
Según el REAL DECRETO 2267/2004, de 3 de diciembre por el que se&#xd;
aprueba el Reglamento de seguridad contra incendios en los establecimientos&#xd;
industriales, establece en su Artículo 1, como mínimo exigible, la posibilidad de&#xd;
aplicación, para casos particulares, de técnicas de seguridad equivalentes,&#xd;
según normas o guías de diseño de reconocido prestigio para la justificación&#xd;
de la soluciones técnicas de seguridad equivalente adoptadas, que deben&#xd;
aportar, al menos, un nivel de seguridad equivalente a la anterior. Esta&#xd;
aplicación de técnicas de seguridad equivalente deberá ser justificado&#xd;
debidamente por el proyectista y resueltas por el órgano competente de la&#xd;
comunidad autónoma.</subfield>
   </datafield>
   <datafield tag="653" ind2=" " ind1=" ">
      <subfield code="a">Àrees temàtiques de la UPC::Economia i organització d'empreses::Seguretat industrial</subfield>
   </datafield>
   <datafield tag="653" ind2=" " ind1=" ">
      <subfield code="a">Fire prevention--Standards</subfield>
   </datafield>
   <datafield tag="653" ind2=" " ind1=" ">
      <subfield code="a">Incendis -- Prevenció</subfield>
   </datafield>
   <datafield tag="653" ind2=" " ind1=" ">
      <subfield code="a">Incendis -- Avaluació</subfield>
   </datafield>
   <datafield ind2="0" ind1="0" tag="245">
      <subfield code="a">Estudio de los principales métodos de evaluación del riesgo de incendio en un taller ferroviario</subfield>
   </datafield>
</record></metadata></record></GetRecord></OAI-PMH>